John Lennon Songs Quiz - Statistics

General Stats
  • This quiz has been taken 282 times
  • The average score is 40 of 84
Answer Stats
Plastic Ono Band % Correct
Imagine
99%
Mind Games
91%
Woman
89%
Mother
84%
How?
81%
Oh Yoko!
79%
Beautiful Boy (Darling Boy)
78%
(Just Like) Starting Over
78%
How Do You Sleep?
77%
Jealous Guy
77%
God
74%
Love
72%
Watching The Wheels
71%
Woman Is The N***** Of The World
69%
Working Class Hero
67%
Crippled Inside
66%
Isolation
65%
Gimme Some Truth
62%
Hold On
62%
Instant Karma! (We All Shine On)
62%
#9 Dream
61%
Cold Turkey
61%
Give Peace A Chance
61%
I Found Out
59%
My Mummy's Dead
59%
Nobody Told Me
59%
Oh My Love
59%
Whatever Gets You Thru The Night
58%
Well Well Well
57%
Remember
55%
Kiss Kiss Kiss
54%
I Don't Wanna Be A Soldier Mama
51%
Out Of The Blue
51%
Dear Yoko
49%
I'm Losing You
49%
New York City
49%
Nobody Loves You (When You're Down And Out)
49%
Grow Old With Me
48%
It's So Hard
48%
Steel And Glass
48%
Tight A$
48%
Ya Ya
48%
Cleanup Time
47%
John Sinclair
47%
Meat City
47%
Going Down On Love
45%
Look At Me
45%
Old Dirt Road
44%
Aisumasen (I'm Sorry)
43%
Angela
43%
Scared
43%
Attica State
41%
I'm Stepping Out
40%
Beautiful Boys
39%
The Luck Of The Irish
39%
I Know (I Know)
38%
Surprise Surprise (Sweet Bird Of Paradox)
38%
Sunday Bloody Sunday
37%
Beef Jerky
36%
Bring On The Lucie (Freda Peeple)
36%
Intuition
36%
One Day (At A Time)
36%
Bless You
34%
Born In A Prison
34%
We're All Water
34%
What You Got
34%
Borrowed Time
32%
I Don't Wanna Face It
32%
Only People
32%
You Are Here
32%
Sisters, O Sisters
31%
Every Man Has A Woman Who Loves Him
29%
(Forgive Me) My Little Flower Princess
27%
Hard Times Are Over
24%
I'm Moving On
24%
Nutopian International Anthem
24%
Yes, I'm Your Angel
23%
O'Sanity
19%
Don't Be Scared
13%
Give Me Something
13%
Let Me Count The Ways
13%
Your Hands
13%
Sleepless Night
11%
You're The One
9%
No matching quizzes found
Score Distribution
Percent of People with Each Score
Percentile by Number Answered
Your Score History
You have not taken this quiz